| 000 | 00467cam a2200157u 4500 | ||
|---|---|---|---|
| 082 |
_a650.092 _bFOR |
||
| 100 | 1 |
_aFord, Henry, _950192 |
|
| 245 | 1 | 0 | _aMy life and work, |
| 260 |
_aGarden City, N.Y., _bDoubleday, Page & company, _c1922. |
||
| 300 |
_a4 p.l., 289 p. _c25 cm. |
||
| 526 |
_a0 _b0 _c0 _d650_092000000000000_FOR |
||
| 650 |
_aMCE _9379 |
||
| 700 | 1 |
_aCrowther, Samuel, _950193 |
|
| 856 | 4 | 1 | _uhttp://hdl.loc.gov/loc.gdc/scd0001.00176639660 |
| 942 |
_2ddc _cBK |
||
| 999 |
_c552917 _d552917 |
||